000 00441nam a2200121 a 4500
008 120416s1986 xx |||||||||||||| || u
050 _aTD 796.2 Sma
245 0 0 _aSmall-scale municipal solid waste energy recovery systems
260 _c1986
300 _a: x, 213p.
350 _a0.00
995 _D0.00
_FCBU-MAIN LIBRARY (Kitwe)
_H1
_I34.95
_UAVAILABLE
_ZMain Library Open Access Collection
999 _c57613
_d57613